| 000 | 00674nam a2200193 a 4500 | ||
|---|---|---|---|
| 005 | 20210223120704.0 | ||
| 008 | 991125s1961 ea 000 0 eng u | ||
| 035 | _aUPN01000005534 | ||
| 049 | _aCG | ||
| 050 | 4 |
_aLB1715 _bM3.3 |
|
| 100 | 1 | _aMason, Ward S. | |
| 245 | 1 | 4 |
_aThe beginning teacher : _bstatus and career orientations / _cby Ward S. Mason. |
| 260 |
_aWashington : _bDepartament of Health, Education and Welfare, _c1961. |
||
| 300 |
_axii, 196 p. : _bil. |
||
| 440 | 0 |
_aCircular ; _v644 |
|
| 500 | _a"Final report on the survey of new teachers in the public schools 1956-57" | ||
| 650 | 4 |
_aMAESTROS - _xFORMACION PROFESIONAL - _zESTADOS UNIDOS _9784 |
|
| 905 | _aLibro | ||
| 999 |
_c5534 _d5534 |
||